লোডিং...

Dynamic Lawyering /

গ্রন্থ-পঞ্জীর বিবরন
প্রধান লেখক: Krishna Iyer V.R
বিন্যাস: Printed Book
প্রকাশিত: New Delhi Universal Law Publishing 2009
বিষয়গুলি:
Law
LEADER 00697nam a2200169 4500
999 |c 12147  |d 12147 
020 |a 9788175347809 
082 |a 340.092  |b KRI/D 
100 |a  Krishna Iyer V.R.  |9 984 
245 |a Dynamic Lawyering / 
260 |a  New Delhi  |b  Universal Law Publishing  |c 2009 
300 |a 292p. 
650 |a Law  |9 1020 
650 |a Legal Profession - Lawyering  |9 1021 
942 |c REF 
952 |0 0  |1 0  |4 0  |6 R_340_092000000000000_KRI_D  |7 0  |9 23430  |a NUALS  |b NUALS  |c REF  |d 2020-07-03  |l 0  |o R 340.092 KRI/D  |p 16980  |r 2020-07-03  |w 2020-07-03  |y REF  |z Reprint 2019 
952 |0 0  |1 0  |4 0  |6 340_092000000000000_KRI_D  |7 0  |9 23431  |a NUALS  |b NUALS  |c GEN  |d 2020-07-03  |l 0  |o 340.092 KRI/D  |p 16981  |r 2020-07-03  |t 1  |w 2020-07-03  |y BK  |z Reprint 2019